Catálogo
 En Linea

La universidad católica en el mundo de hoy / (Registro nro. 16337)

Detalles MARC
000 -CABECERA
campo de control de longitud fija 00912nam a2200217 a 4500
001 - NÚMERO DE CONTROL
campo de control 000016805
005 - FECHA Y HORA DE LA ÚLTIMA TRANSACCIÓN
campo de control 20200929164950.0
008 - DATOS DE LONGITUD FIJA--INFORMACIÓN GENERAL
campo de control de longitud fija 100310s1977 dr 000 0 spa d
040 ## - FUENTE DE LA CATALOGACIÓN
Centro catalogador/agencia de origen DO-SdBNP
Lengua de catalogación spa
Centro/agencia transcriptor BNPHU
082 ## - NÚMERO DE LA CLASIFICACIÓN DECIMAL DEWEY
Número de clasificación 371.0712
Número de documento/Ítem H583u
100 1# - ENTRADA PRINCIPAL--NOMBRE DE PERSONA
Nombre de persona Hesburgh, Theodore Martin,
Fechas asociadas al nombre 1917-
9 (RLIN) 37236
245 13 - MENCIÓN DE TÍTULO
Título La universidad católica en el mundo de hoy /
Mención de responsabilidad, etc. Theodore Hesburgh.
260 ## - PUBLICACIÓN, DISTRIBUCIÓN, ETC.
Lugar de publicación, distribución, etc. Santiago de los Caballeros, República Dominicana :
Nombre del editor, distribuidor, etc. UCMM,
Fecha de publicación, distribución, etc. 1977.
300 ## - DESCRIPCIÓN FÍSICA
Extensión 44 p. ;
Dimensiones 22 cm.
490 1# - MENCIÓN DE SERIE
Mención de serie Documentos
505 0# - NOTA DE CONTENIDO CON FORMATO
Información miscelánea Presentación /
Mención de responsabilidad Monseñor Agripino Núñez Collado --
Título Discurso /
Mención de responsabilidad Theodore Hesburgh --
Título Declaraciones del Padre Hesburgh en el desayuno del lunes del Diario "Ultima Hora" /
Mención de responsabilidad César Medina.
590 ## - NOTA LOCAL (RLIN)
Nota local Inventariado, 2018/VM
650 #4 - PUNTO DE ACCESO ADICIONAL DE MATERIA--TÉRMINO DE MATERIA
Término de materia o nombre geográfico como elemento de entrada Universidades católicas
Subdivisión general Ensayos, conferencias, etc.
9 (RLIN) 37237
830 #0 - PUNTO DE ACCESO ADICIONAL DE SERIE-TÍTULO UNIFORME
Título uniforme Documentos
9 (RLIN) 1047
910 ## - DATOS DE OPCIÓN DEL USUARIO (OCLC)
Datos de opción del usuario Validado. Control de calidad EMS
Existencias
Estado de retiro Estado de pérdida Restricciones de uso No para préstamo Código de colección Localización permanente Ubicación/localización actual Ubicación en estantería Fecha de adquisición Número de inventario Total de préstamos Signatura topográfica completa Código de barras Fecha visto por última vez Número de copia Precio válido a partir de Tipo de ítem Koha
        Dominicana de Servicio General General Depósito 10.03.2010 LF1   371.0712 H583u 16805-30 25.06.2020 e. 3 25.06.2020 Libro y Folleto Colección Dominicana de Servicio
        Dominicana de Servicio General General Depósito 10.03.2010 LF1   371.0712 H583u 16805-40 25.06.2020 e. 4 25.06.2020 Libro y Folleto Colección Dominicana de Servicio
        Dominicana de Servicio General General Depósito 10.03.2010 LF1   371.0712 H583u 16805-50 25.06.2020 e. 5 25.06.2020 Libro y Folleto Colección Dominicana de Servicio
      Excluido de préstamo Patrimonio Dominicano Patrimonio Dominicano Patrimonio Dominicano Depósito 10.03.2010 LF1   371.0712 H583u 16805-10 25.06.2020   25.06.2020 Libro y Folleto Colección Patrimonio Dominicano
      Excluido de préstamo Patrimonio Dominicano Patrimonio Dominicano Patrimonio Dominicano Depósito 10.03.2010 LF1   371.0712 H583u 16805-20 25.06.2020 e. 2 25.06.2020 Libro y Folleto Colección Patrimonio Dominicano

Con tecnología Koha